Joint economic committee congress of the United States

Guardat en:
Dades bibliogràfiques
Format: Llibre
Idioma:Undetermined
Publicat: New York 1967
Matèries:
Etiquetes: Afegir etiqueta
Sense etiquetes, Sigues el primer a etiquetar aquest registre!
Thư viện lưu trữ: Trung tâm Học liệu Trường Đại học Cần Thơ
LEADER 00427nam a2200157Ia 4500
001 CTU_97381
008 210402s9999 xx 000 0 und d
082 |a 337 
082 |b J65/1967 
245 0 |a Joint economic committee congress of the United States 
260 |a New York 
260 |c 1967 
650 |a United States 
650 |x Commerce 
904 |i Tuyến 
980 |a Trung tâm Học liệu Trường Đại học Cần Thơ